00748nam a22002172 4500001001100000005001700011008004100028020001700069040001500086245015400101250001300255260003100268300001700299650005200316650004800368650003600416700003600452700003600488852000300524852000300527000001315420151217152122.0090611s xx 000 0 eng d a0750656190 : aKABUcKABU10aStrategic information management :bchallenges and strategies in managing information systems /cedited by Robert D. Galliers and Dorothy E. Leidner. a3rd ed. aOxford :bElsevier,c2003. axiv, 625 p. 0aInformation technologyxManagement.@0000150506 0aManagement information systems.@0000148209 0aStrategic planning.@00001505761 aGalliers, Robert D.@00001702831 aLeidner, Dorothy E.@00001702841 1